000 00328nam a2200133 i 4500
001 bg
100 1 _aWASILUK, Wiktor
245 0 _aKlimatyzacja pomieszczeń na statkach morskich /
_cWiktor Wasiluk.
260 _aGdańsk,
_c1975.
040 _cBPK
041 _apol
942 _cKS
008 s pl f |000 0 pol
999 _c16320
_d16320
856 _uhttp://koha.tu.koszalin.pl/cgi-bin/koha/opac-detail.pl?biblionumber=16320
_yKatalog online BPK